000 00811cam a2200157 4500500
005 20260405004955.0
041 _afre
042 _adc
100 1 0 _ade Charentenay, Pierre
_eauthor
245 0 0 _aPeter Bender, L’Amérique, nouvelle Rome . L’engrenage de la puissance. Buchet/Chastel, 2005, 378 pages, 22 €
260 _c2005.
500 _a40
520 _aRésuméJules Verne distingue deux sources aux obstacles, aux réussites, aux échecs et aux succès de l’aventure : les éléments naturels, leur connaissance et leur maîtrise, et les conflits humains qui vont apparaître comme la source la plus réelle de perdition.
786 0 _nÉtudes | 403 | 7 | 2005-07-01 | p. XV-XV | 0014-1941
856 4 1 _uhttps://shs.cairn.info/revue-etudes-2005-7-page-XV?lang=fr&redirect-ssocas=7080
999 _c2079952
_d2079952